00437 a2200133 4500001000700000020001800007040001100025100002000036240011100056245010600167300000800273362000900281440001300290192550 a85-352-0177-7 cMagnum aNonaka, Ikujiro10aCriação de conhecimento na empresa: como as empresas japonesas geram a dinâmica da inovaçãolpor10aCriação de conhecimento na empresa: como as empresas japonesas geram a dinâmica da inovação a3570 a1997 1aElsevier